Antropología filosófica: introducción a una filosofía de la cultura

Saved in:
Bibliografiske detaljer
Hovedforfatter: Cassirier, Ernest (Author)
Format: Bog
Sprog:spansk
Udgivet: Ciudad de México Fondo de Cultura Económica 1951
Udgivelse:2a. ed
Fag:
Tags: Tilføj Tag
Ingen Tags, Vær først til at tagge denne postø!

MARC

LEADER 00000nam a2200000 a 4500
001 UCJ9229
003 CL-VaPUC
008 070309e19510000MX |||||||||||||||||spa|d
082 0 4 |a 128  |b CAS  |2 21 
100 0 |a Cassirier, Ernest  |e author  |9 519164 
245 1 0 |a Antropología filosófica: introducción a una filosofía de la cultura 
250 |a 2a. ed 
300 |a 321 p 
942 |c BK 
945 |d 20070309 00:00:00  |a jtorresc 
260 |a Ciudad de México  |b Fondo de Cultura Económica  |c 1951 
500 |a Donación del Dr. Luis Gómez Macker 
650 0 |a Antropología filosófica  |9 265842 
650 0 |a Filosofía cultural  |9 312300 
650 0 |a Naturaleza humana   |9 308593 
650 0 |a Antropología cultural y social   |9 265143 
583 |a last modification  |c 20121001 12:10:14  |k Rodrigo Vera 
999 |c 324815  |d 324813 
952 |0 0  |1 0  |4 0  |6 128_000000000000000_CAS_1951  |7 0  |8 A  |9 405181  |a FDOPOS  |b FDOPOS  |d 2019-11-22  |i 4270053  |o 128 CAS 1951  |p 4270053  |r 2025-01-22  |w 2019-11-22  |y BK  |k MLA